| 000 | 00528nam a2200181 i 4500 | ||
|---|---|---|---|
| 001 | 56248 | ||
| 003 | ES-MaACL | ||
| 005 | 20240501063031.0 | ||
| 007 | t| | ||
| 008 | 031006s1984 sp ||||1| spa d | ||
| 020 | _a84-398-2307-X | ||
| 100 | 0 |
_aDíaz Viera, José Raúl, _d1954- _944455 |
|
| 245 | 1 | 0 |
_aAtardenochecer / _cJosé Raúl Díaz Viera. |
| 260 |
_a[S.l. : _bs.n., _c1984] ( _eGetafe : _fGráficas Catena) |
||
| 300 |
_a91 p. ; _c15 cm. |
||
| 852 |
_aES-MaACL _j2131-F-1 _bR.112299 |
||
| 999 |
_c56248 _d56248 |
||